Traité de l'astrolabe /

Guardado en:
Autor Principal: Michel, Henri.
Otros Autores: Esclangon, Ernest. (Autor de introducción, etc.)
Formato: Libro
Idioma:French
Publicado: Paris : Gauthier-Villars, 1947.
Etiquetas: Agregar Etiqueta
Sin Etiquetas, Sea el primero en etiquetar este registro!
LEADER 00516nam a22001575a 4500
001 MAT.inmabb000634
008 031118s1947####fr#a##########001#0#fre#d
005 20170802141657.0
245 1 0 |a Traité de l'astrolabe /  |c Henri Michel ; préface de Ernest Esclangon. 
260 |a Paris :  |b Gauthier-Villars,  |c 1947. 
300 |a viii, 202 p. :  |b xxiv p. de láms. ;  |c 28 cm. 
510 4 |a MR,  |c MR0024345 
100 1 |a Michel, Henri. 
700 1 |a Esclangon, Ernest.  |4 aui 
084 |a 01-XX  |2 msc2000 
859 |h 01  |i M623  |p A-437  |b BIB. MATEMATICA